Gemeinden Landkreis Dillingen an der Donau - Statistiken

Allgemein
  • Dieses Quiz wurde 61 mal gespielt
  • Das Durchschnittsergebnis liegt bei 15 aus 27
Antwortstatistiken
Einwohner Gemeindeart Gemeindename % Korrekt
19.149 Stadtgemeinde Dillingen an der Donau
100%
7.808 Stadtgemeinde Gundelfingen an der Donau
87%
11.060 Stadtgemeinde Lauingen (Donau)
85%
6.774 Stadtgemeinde Höchstädt an der Donau
76%
9.346 Stadtgemeinde Wertingen
76%
3.691 Marktgemeinde Bissingen
67%
999 Gemeinde Lutzingen
67%
3.759 Gemeinde Syrgenstein
67%
1.358 Gemeinde Bächingen an der Brenz
63%
1.708 Gemeinde Finningen
63%
1.601 Gemeinde Laugna
63%
3.679 Gemeinde Holzheim
61%
733 Gemeinde Zöschingen
61%
5.936 Gemeinde Buttenwiesen
59%
2.387 Marktgemeinde Wittislingen
59%
1.097 Gemeinde Glött
57%
1.596 Gemeinde Haunsheim
46%
1.294 Gemeinde Villenbach
43%
1.022 Gemeinde Medlingen
41%
1.305 Marktgemeinde Aislingen
39%
2.237 Gemeinde Bachhagel
39%
1.354 Gemeinde Mödingen
37%
1.694 Gemeinde Blindheim
30%
1.212 Gemeinde Zusamaltheim
28%
1.419 Gemeinde Schwenningen
24%
1.019 Gemeinde Ziertheim
24%
1.325 Gemeinde Binswangen
22%
Keine übereinstimmenden Quizze gefunden
Verteilung der Resultate
Anzahl Personen mit jedem Resultat
Perzentil nach korrekt beantworteten Fragen
Ihre Resultats-Entwicklung
Sie haben dieses Quiz noch nicht gespielt